Extrusión de los alimentos (Registro nro. 25798)

Detalles MARC
000 -CABECERA
Longitud fija campo de control 00636nam a22002177a 4500
003 - IDENTIFICADOR DELl NÚMERO DE CONTROL
Identificador del número de control OSt
005 - FECHA Y HORA DE LA ÚLTIMA TRANSACCIÓN
Fecha y hora de la última transacción 20180404131202.0
008 - CÓDIGOS DE INFORMACIÓN DE LONGITUD FIJA
Códigos de información de longitud fija 160908b xxu||||| |||| 00| 0 eng d
020 ## - NÚMERO INTERNACIONAL NORMALIZADO PARA LIBROS
Número Internacional Normalizado para Libros (ISBN) 84-200-0981-4
040 ## - FUENTE DE LA CATALOGACIÓN
Centro transcriptor CRI
082 ## - NÚMERO DE LA CLASIFICACIÓN DECIMAL DEWEY
Númeroo de clasificación 613.26
245 ## - MENCIÓN DE TÍTULO
Título Extrusión de los alimentos
Mención de responsabilidad, etc. Editor: Robin Guy
260 ## - PUBLICACIÓN, DISTRIBUCIÓN, ETC. (PIE DE IMPRENTA)
Lugar de publicación, distribución, etc. Cambridge, England
Nombre del editor, distribuidor, etc. Woodhead publishing Ltd.
Fecha de publicación, distribución, etc. 2001
300 ## - DESCRIPCIÓN FÍSICA
Extensión 208 p.
Otras características físicas graf.
Dimensiones 24 cm
490 ## - MENCIÓN DE SERIE
Mención de serie Editorial ACRIBIA, S.A.
500 ## - NOTA GENERAL
Nota general indice p. v
546 ## - NOTA DE LENGUA
Nota de lengua Traductor:<br/>Dr. Alberto Ibarz Ribas
650 #0 - PUNTO DE ACCESO ADICIONAL DE MATERIA - T&Eacute;RMINO DE MATERIA
9 (RLIN) 23859
Término de materia o nombre geográfico como elemento inicial Combinación de alimentos
700 10 - PUNTO DE ACCESO ADICIONAL - NOMBRE DE PERSONA
9 (RLIN) 39593
Nombre de persona Guy, Robin
942 ## - ENTRADA DE ELEMENTOS AGREGADOS (KOHA)
Fuente de clasificai&oacute;n o esquema Dewey Decimal Classification
Koha [por defecto] tipo de item 1- Monografias
Parte de clasificaci&oacute;n prozim
Existencias
Suprimido Perdido Fuente de clasificaci&oacute;n o esquema Estropeado Restricciones de uso No para pr&eacute;stamo C&oacute;digo de colecci&oacute;n Localizaci&oacute;n permanente Localizaci&oacute;n actual Localizaci&oacute;n en estanter&&iacute;acute;as Fecha adquisici&oacute;n Fuente de adquisici&oacute;n N&uacute;mero de inventario Pr&eacute;stamos totales Signatura completa C&oacute;digo de barras Fecha &uacute;ltima consulta Fecha del precio de reemplazo Tipo de item de Koha
NULL NULL Dewey Decimal Classification NULL Prestable NULL NULL Biblioteca Centro Regional de Ilobasco Biblioteca Centro Regional de Ilobasco Sala Principal 10/04/2010 PROYECTO LI001496   613.26 EXT 1037885 27/09/2024 08/09/2016 1- Monografias